Statistiques concernant Pays n'ayant dans leur nom que la voyelle "a"

Cliquez ici pour prendre le quiz!

Statistiques générales

  • Ce quiz a été pris 280 fois
    (272 depuis la dernière actualisation)
  • Le résultat moyen est 5 sur 10

Statistiques - réponses

Pays% Correct
Canada
91%
Panama
73%
Ghana
66%
Qatar
56%
Bahamas
53%
Madagascar
46%
Rwanda
45%
Kazakhstan
44%
Tchad
35%
Marshall
10%

Distribution des résultats

Percentile par nombre de réponses

% des personnes avec chaque résultat

Votre développement - résultats

Vous n’avez pas pris ce quiz depuis la dernière actualisation